Countries by Acronym - Statistics

General Stats
  • This quiz has been taken 2,054 times
  • The average score is 169 of 196
Answers on the Map
Answers color-coded by a green-red scale on the quiz's map according to % correct below.
 
Answer Stats
Country % Correct
Afghanistan
100%
Albania
100%
Algeria
100%
Andorra
100%
Angola
100%
Argentina
100%
Armenia
100%
Australia
100%
Austria
100%
Azerbaijan
100%
Cambodia
99%
Cameroon
99%
Canada
99%
Chad
99%
Chile
99%
China
99%
Colombia
99%
Comoros
99%
Croatia
99%
Cuba
99%
Cyprus
99%
Myanmar
99%
Romania
99%
Russia
99%
Rwanda
99%
Samoa
99%
São Tomé and Príncipe
99%
Senegal
99%
Serbia
99%
Seychelles
99%
Singapore
99%
Slovakia
99%
Slovenia
99%
Somalia
99%
Spain
99%
Sudan
99%
Suriname
99%
Sweden
99%
Switzerland
99%
Syria
99%
Uganda
99%
Ukraine
99%
Uruguay
99%
Uzbekistan
99%
Bahamas
98%
Bahrain
98%
Bangladesh
98%
Barbados
98%
Belarus
98%
Belgium
98%
Belize
98%
Benin
98%
Bhutan
98%
Bolivia
98%
Botswana
98%
Brazil
98%
Brunei
98%
Bulgaria
98%
Burundi
98%
Ecuador
98%
Egypt
98%
Eritrea
98%
Estonia
98%
Eswatini
98%
Ethiopia
98%
Federated States of Micronesia
98%
Iceland
98%
India
98%
Indonesia
98%
Iran
98%
Iraq
98%
Ireland
98%
Israel
98%
Italy
98%
Madagascar
98%
Malawi
98%
Malaysia
98%
Maldives
98%
Mali
98%
Malta
98%
Mauritania
98%
Mauritius
98%
Mexico
98%
Moldova
98%
Monaco
98%
Mongolia
98%
Montenegro
98%
Morocco
98%
Mozambique
98%
Namibia
98%
Nauru
98%
Nepal
98%
Netherlands
98%
Nicaragua
98%
Niger
98%
Nigeria
98%
Norway
98%
Gabon
97%
Gambia
97%
Georgia
97%
Germany
97%
Ghana
97%
Greece
97%
Grenada
97%
Guatemala
97%
Guinea
97%
Guyana
97%
Kazakhstan
97%
Kenya
97%
Kiribati
97%
Kosovo
97%
Kuwait
97%
Kyrgyzstan
97%
Pakistan
97%
Palau
97%
Panama
97%
Paraguay
97%
Peru
97%
Philippines
97%
Poland
97%
Portugal
97%
Denmark
96%
Djibouti
96%
Dominica
96%
Fiji
96%
Finland
96%
France
96%
Laos
95%
Latvia
95%
Lebanon
95%
Lesotho
95%
Liberia
95%
Libya
95%
Liechtenstein
95%
Lithuania
95%
Luxembourg
95%
Oman
95%
Taiwan
94%
Tajikistan
94%
Tanzania
94%
Thailand
94%
Togo
94%
Tonga
94%
Tunisia
94%
Turkey
94%
Turkmenistan
94%
Tuvalu
94%
Haiti
90%
Honduras
90%
Hungary
90%
Vanuatu
90%
Venezuela
90%
Vietnam
90%
United States
89%
Jamaica
87%
Japan
87%
Jordan
87%
Saudi Arabia
84%
South Africa
84%
Yemen
84%
Zambia
82%
Zimbabwe
82%
United Kingdom
78%
Qatar
70%
Dominican Republic
67%
Republic of the Congo
61%
Democratic Republic of the Congo
57%
South Korea
54%
Czech Republic
53%
Central African Republic
52%
Costa Rica
51%
North Korea
50%
United Arab Emirates
49%
South Sudan
47%
Saint Lucia
43%
Sierra Leone
43%
Sri Lanka
43%
Papua New Guinea
41%
Ivory Coast
40%
Burkina Faso
38%
New Zealand
35%
El Salvador
32%
Bosnia and Herzegovina
30%
Guinea-Bissau
28%
North Macedonia
28%
Equatorial Guinea
25%
Solomon Islands
20%
Cape Verde
19%
San Marino
17%
Marshall Islands
16%
Antigua and Barbuda
10%
East Timor
7%
Trinidad and Tobago
7%
Saint Vincent and the Grenadines
5%
Saint Kitts and Nevis
4%
Vatican City
4%
No matching quizzes found
Score Distribution
Percent of People with Each Score
Percentile by Number Answered
Your Score History
You have not taken this quiz